000 01184nam a2200277 a 4500
001 000002918
005 20240415140329.0
008 090706s1993 dr a r 000 0 spa d
040 _aDO-SdBNP
_bspa
_cBNPHU
082 _a339.522
_bC387g
100 1 _aCeara-Hatton, Miguel
_91685
245 1 3 _aEl gasto público social de la República Dominicana en la década de los ochenta /
_cMiguel Ceara Hatton, Edwin Croes Hernández ; colaboración, revisión y corrección Omar Arias.
260 _aSanto Domingo :
_bCIECA :
_bUNICEF,
_c1993.
300 _a233 p. :
_bil. ;
_c24 cm.
490 1 _aEnsayos de economía ;
500 _aIncluye referencias bibliográficas y notas al pie de las páginas
590 _aInventariado, 2018/BT
650 4 _aGastos públicos
_xEstadística
_zRepública Dominicana
_99265
650 0 _aAdministración pública
_99266
700 1 _aCroes Hernández, Edwin
_99267
700 1 _aArias, Omar,
_ecol., rev. y corr.
_99268
710 2 _aCentro de Investigaciones Económica para el Caribe
_99269
710 _aFondo de las Naciones Unidas para la Infancia
_99270
830 0 _aEnsayos de economía ;
_97177
910 _aValidado. Control de calidad. MFF
999 _c2751
_d2751